000 01275cad a22002415a 4500
001 L159558
005 20250804135835.0
008 150416s2009 xxk f 000 0 eng d
035 _a(Sirsi) u159558
041 0 _aeng
050 0 4 _a630.026 $2 18
110 2 _aRoyal Institution of Chartered Surveyors
_94900
245 0 4 _aModel conacre licence agreement
250 _a3rd ed.
260 _aLondon
_bRICS
_c2009
490 0 _aRICS Information Paper
520 _aThis agreement was first produced in 2005 by members of the Land Group of the RICS in Northern Ireland, in response to a variety of issues raised by the introduction of the Single Farm Payment Scheme (SFP). This third edition includes alterations resulting from recent changes in the SFP rules. Conacre is a system of letting agricultural land that is unique to Ireland. The current use of 'conacre' originated with the Land Acts of the mid-nineteenth century. Today the term is used to reflect the system where landowners who wish to retain their land but not farm it can licence the land to another farmer, usually for a period of eleven months.
520 _aSuperseded by 4th edition.
650 2 4 _aCONACRE
650 2 4 _aAGRICULTURAL LICENCES
651 4 _aNorthern Ireland
942 _n0
_2ddc
999 _c115998
_d115998